Music Quiz

Random Music or Song Quiz

When Harry Met Pop Songs Quiz Stats

 Plays Quiz Updated Jul 4, 2019

Score 0/20 Timer 04:00
2 Plays Today
Song Artist % Correct
Jinx Me Granger One More TimeBritney Spears
79%
Snape of YouEd Sheeran
74.4%
Since U Been LongbottomKelly Clarkson
72.8%
Candle in the WandElton John
72.7%
Ginny in a BottleChristina Aguilera
66.7%
Eight Days a WeasleyThe Beatles
63.1%
Party Rock Anthem (Everyday I'm Slytherin)LMFAO
60.5%
Bad BludgerTaylor Swift
57.5%
Where Is the LovegoodBlack Eyed Peas
57%
Knockin' on Heaven's DumbledoreGuns N' Roses
55.2%
Song Artist % Correct
Bagshot out of HellMeat Loaf
54.8%
Don't Stop 'Til You Get HufflepuffMichael Jackson
54.8%
(It's Getting) Hot, FenrirNelly
53.4%
Sympathy for the DursleysThe Rolling Stones
51.8%
You Can't Harry LoveThe Supremes
46.9%
Snitch Better Have My MoneyRihanna
44.3%
Video Killed the Ravenclaw StarThe Buggles
37.3%
No DiggoryBlackstreet
33.9%
I Want a New SlughornHuey Lewis and the News
23.9%
Birdhouse in Your VoldemortThey Might Be Giants
15.3%

You're not logged in!

Compare scores with friends on all Sporcle quizzes.
OR
Log In

Sporcle TV

Today on Sporcle TV


Watch our educational content, quiz creation guides, and fun videos on Sporcle TV.

Show Comments

Extras

Top Quizzes Today


Score Distribution

Your Account Isn't Verified!

In order to create a playlist on Sporcle, you need to verify the email address you used during registration. Go to your Sporcle Settings to finish the process.

Report this User

Report this user for behavior that violates our Community Guidelines.

Details: